<?xml version="1.0" encoding="UTF-8"?>
<record
    xmlns:xsi="http://www.w3.org/2001/XMLSchema-instance"
    xsi:schemaLocation="http://www.loc.gov/MARC21/slim http://www.loc.gov/standards/marcxml/schema/MARC21slim.xsd"
    xmlns="http://www.loc.gov/MARC21/slim">

  <leader>01936nam a2200301 i 4500</leader>
  <controlfield tag="003">DO-SdBNP</controlfield>
  <controlfield tag="005">20231113142807.0</controlfield>
  <controlfield tag="007">ta</controlfield>
  <controlfield tag="008">150209s2008    dr acb d      000 0 spa d</controlfield>
  <datafield tag="020" ind1=" " ind2=" ">
    <subfield code="a">9945170104</subfield>
  </datafield>
  <datafield tag="040" ind1=" " ind2=" ">
    <subfield code="a">DO-SdBNP</subfield>
    <subfield code="b">spa</subfield>
    <subfield code="c">BNPHU</subfield>
    <subfield code="e">rda</subfield>
  </datafield>
  <datafield tag="082" ind1=" " ind2=" ">
    <subfield code="2">22</subfield>
    <subfield code="b">H116</subfield>
  </datafield>
  <datafield tag="245" ind1="0" ind2="0">
    <subfield code="a">Hablamos de Dios. :</subfield>
    <subfield code="b">2do. de educaci&#xF3;n media /</subfield>
    <subfield code="c">ilustraciones Wi Hen Fung</subfield>
  </datafield>
  <datafield tag="264" ind1=" " ind2="1">
    <subfield code="a">Santo Domingo :</subfield>
    <subfield code="b">SM,</subfield>
    <subfield code="c">2008.</subfield>
  </datafield>
  <datafield tag="300" ind1=" " ind2=" ">
    <subfield code="a">127 p&#xE1;ginas</subfield>
    <subfield code="b">ilustraciones, retratos, mapas</subfield>
    <subfield code="c">28 cm.</subfield>
  </datafield>
  <datafield tag="336" ind1=" " ind2=" ">
    <subfield code="2">rdacontent</subfield>
    <subfield code="a">texto</subfield>
    <subfield code="b">txt</subfield>
  </datafield>
  <datafield tag="337" ind1=" " ind2=" ">
    <subfield code="2">rdamedia</subfield>
    <subfield code="a">sin mediaci&#xF3;n</subfield>
    <subfield code="b">n</subfield>
  </datafield>
  <datafield tag="338" ind1=" " ind2=" ">
    <subfield code="2">rdacarrier</subfield>
    <subfield code="a">volumen</subfield>
    <subfield code="b">nc</subfield>
  </datafield>
  <datafield tag="490" ind1="1" ind2=" ">
    <subfield code="a">Educaci&#xF3;n en valores</subfield>
  </datafield>
  <datafield tag="500" ind1=" " ind2=" ">
    <subfield code="a">Educaci&#xF3;n media. </subfield>
  </datafield>
  <datafield tag="500" ind1=" " ind2=" ">
    <subfield code="a">Formaci&#xF3;n integral humana y religiosa. </subfield>
  </datafield>
  <datafield tag="505" ind1=" " ind2=" ">
    <subfield code="g">Unidad 1: La persona, un ser que pregunta :</subfield>
    <subfield code="t">La persona un ser que interroga la vida --</subfield>
    <subfield code="t">La persona, un ser en construcci&#xF3;n --</subfield>
    <subfield code="t">La persona, un ser religioso --</subfield>
    <subfield code="t">La persona en un mundo tecnificado --</subfield>
    <subfield code="g">Unidad 2: En medio de un mundo herido :</subfield>
    <subfield code="t">La pobreza y el hambre --</subfield>
    <subfield code="t">La violencia y la guerra --</subfield>
    <subfield code="t">el medio ambiente en peligro --</subfield>
    <subfield code="t">La familia en la realidad social dominicana --</subfield>
    <subfield code="t">Dossier: construyamos la paz --</subfield>
    <subfield code="g">Unidad 3: Sentido religioso del ser humano :</subfield>
    <subfield code="t">&#xBF;Qu&#xE9; es la religi&#xF3;n? --</subfield>
    <subfield code="t">Falsas actitudes religiosas --</subfield>
    <subfield code="t">La realidad religiosa de nuestro pueblo --</subfield>
    <subfield code="t">&#xBF;Por qu&#xE9; tantas iglesias cristianas? --</subfield>
    <subfield code="t">Dossier: la religi&#xF3;n en nuestro mundo --</subfield>
    <subfield code="g">Unidad 4: Composici&#xF3;n de la biblia :</subfield>
    <subfield code="t">&#xBF;C&#xF3;mo se form&#xF3; la biblia? --</subfield>
    <subfield code="t">El antiguo testamento --</subfield>
    <subfield code="t">El nuevo testamento --</subfield>
    <subfield code="t">Dossier: &#xBF;C&#xF3;mo buscar en la biblia? --</subfield>
    <subfield code="g">Unidad 5: Jes&#xFA;s, el enviado de Dios :</subfield>
    <subfield code="t">En Jes&#xFA;s se cumplen las promesas de Dios --</subfield>
    <subfield code="t">Dio la vida por amor, muri&#xF3; y resucit&#xF3; --</subfield>
    <subfield code="t">La fe en Jes&#xFA;s da sentido de vida --</subfield>
    <subfield code="t">Dossier: Jes&#xFA;s est&#xE1; vivo /</subfield>
  </datafield>
  <datafield tag="521" ind1=" " ind2=" ">
    <subfield code="a">Estudiantes de secundaria. </subfield>
  </datafield>
  <datafield tag="590" ind1=" " ind2=" ">
    <subfield code="a">Inventariado, 2023/ YL</subfield>
  </datafield>
  <datafield tag="700" ind1="1" ind2=" ">
    <subfield code="a">Wi-He, Fung</subfield>
    <subfield code="e">ilustraciones</subfield>
    <subfield code="9">84632</subfield>
  </datafield>
  <datafield tag="910" ind1=" " ind2=" ">
    <subfield code="a">YLockward</subfield>
  </datafield>
  <datafield tag="942" ind1=" " ind2=" ">
    <subfield code="2">ddc</subfield>
    <subfield code="c">LBS1</subfield>
  </datafield>
  <datafield tag="952" ind1=" " ind2=" ">
    <subfield code="0">0</subfield>
    <subfield code="1">0</subfield>
    <subfield code="2">ddc</subfield>
    <subfield code="5">1</subfield>
    <subfield code="7">0</subfield>
    <subfield code="8">CIJ-PD</subfield>
    <subfield code="a">BNPHU</subfield>
    <subfield code="b">BNPHU</subfield>
    <subfield code="c">CT</subfield>
    <subfield code="d">2021-12-16</subfield>
    <subfield code="e">Colegio Nuestra Se&#xF1;ora de Lourdes</subfield>
    <subfield code="l">0</subfield>
    <subfield code="o">H116</subfield>
    <subfield code="p">2023-7786</subfield>
    <subfield code="r">2023-11-13</subfield>
    <subfield code="w">2023-11-13</subfield>
    <subfield code="y">LBS1</subfield>
  </datafield>
  <datafield tag="999" ind1=" " ind2=" ">
    <subfield code="c">55479</subfield>
    <subfield code="d">55479</subfield>
  </datafield>
</record>
